Estadísticas para 15 Países en Islas más Grandes

Haz click aquí para tomar la prueba!

Estadísticas generales

  • Esta prueba ha sido tomada 4.986 veces
  • La puntuación promedio es 12 de 15

Estadísticas de respuestas

ÁreaPaís% Correcto
587,041Madagascar
96%
109,884Cuba
94%
270,467Nueva Zelanda
94%
1,910,931Indonesia
93%
377,930Japón
93%
242,495Reino Unido
90%
103,000Islandia
87%
70,273Irlanda
86%
300,000Filipinas
84%
27,750Haití
82%
48,671República Dominicana
82%
65,610Sri Lanka
80%
462,840Papua Nueva Guinea
78%
36,193Taiwán
71%
28,896Islas Salomón
40%

Distribución de puntuación

Porcentaje por número respondido

Porcentaje de gente con cada puntuación

Historial de tus puntuaciones

No has tomado esta prueba